000 00343nam a22001217a 4500
082 _a220 PRO
100 _aRAZA ULLAH,JAFFAR
_971916
245 _aPR-SOF-1391-GLOBAL TERRORISM DATABASE ANALYSIS AND CLASSIFICATION
260 _aISLAMABAD
_bNUST COLLEGE OF EME
_c2014
650 _aDE-COMP-32
700 _aWASI HAIDER BUTT
_970570
942 _cCR
999 _c578184
_d578184